| 000 | 00772nam a22002415i 4500 | ||
|---|---|---|---|
| 001 | 169636 | ||
| 003 | ES-MaACL | ||
| 005 | 20250823105302.0 | ||
| 008 | 081027s2007 sp |||| | spa d | ||
| 020 | _z978-84-7522-018-5 | ||
| 080 | _a78 | ||
| 080 | _a82-1 | ||
| 100 | 1 |
_aHalffter, Cristóbal. _961541 |
|
| 245 | 1 | 0 |
_aMúsica-poesía _b: semejanzas y diferencias / _cCristóbal Halffter ; prólogo de Luis Antonio de Villena. |
| 260 |
_aMadrid : _bVisor Libros, _c[2007] |
||
| 300 |
_a44 p. ; _c21 cm. |
||
| 490 | 1 |
_aLos otros poetas ; _v3 |
|
| 650 | 7 |
_aMúsica y poesía _2embne _9167209 |
|
| 700 | 1 |
_aVillena, Luis Antonio de, _d1951- _9240059 |
|
| 830 | 0 |
_aLos otros poetas ; _v3 _9188871 |
|
| 852 | 4 |
_aES-MaACL _j2238-F-3 |
|
| 999 |
_c169636 _d169636 |
||